Statistics for ALL 100K+ Cities of England on a Map

Click here to take the quiz!

General Stats

  • This quiz has been taken 801 times
  • The average score is 41 of 69

Answers on the Map

Answers color-coded by a green-red scale on the quiz's map according to % correct below.
 

Answer Stats

PopulationCity/Town/Urban Area% Correct
10,620,723London
98%
898,070Liverpool
97%
2,681,285Manchester
96%
2,570,990Birmingham
94%
1,856,709Leeds
94%
800,665Newcastle
94%
668,393Bristol
89%
266,823Plymouth
88%
900,000Southampton
88%
719,273Sheffield
87%
543,588Leicester
86%
773,371Nottingham
86%
500,663Brighton and Hove
84%
162,794Cambridge
83%
228,218Norwich
83%
175,403Oxford
83%
318,351Kingston upon Hull
81%
164,504York
81%
240,221Blackpool
77%
409,293Coventry
76%
338,162Sunderland
76%
485,988Bournemouth
74%
129,429Exeter
74%
103,361Bath
71%
184,474Ipswich
71%
337,108Reading
71%
383,941Stoke-on-Trent
71%
279,569Derby
70%
230,583Northampton
70%
383,711Middlesbrough
68%
123,322Lincoln
66%
161,904Gloucester
64%
308,802Southend-on-Sea
61%
274,473Luton
60%
138,761Colchester
58%
104,994Worcester
58%
147,810Blackburn
57%
179,290Peterborough
57%
323,537Preston
55%
245,162Milton Keynes
54%
196,431Swindon
52%
101,669Lancaster
51%
164,190Doncaster
47%
180,584Wigan
47%
133,719Grimsby
46%
138,359Hastings
45%
153,262Burnley
43%
117,836Cheltenham
43%
124,641Eastbourne
43%
173,375Slough
43%
118,591Chelmsford
41%
114,122Bedford
39%
329,308Birkenhead
39%
172,192Warrington
39%
236,847Barnsley
38%
191,881Crawley
37%
114,168Chesterfield
35%
118,899Maidstone
35%
156,145Telford
34%
132,174Margate
32%
155,904Basildon
31%
114,464Basingstoke
30%
120,054Paignton
30%
255,423Gillingham
29%
136,607High Wycombe
29%
181,362Mansfield
26%
130,740Burton upon Trent
21%
127,861Accrington
19%
258,095Farnborough
14%

Score Distribution

Percentile by Number Answered

Percent of People with Each Score

Your Score History

You have not taken this quiz